000 00746nam a2200217 a 4500
001 000010208
005 20240412074216.0
008 091005s1993 dr c r 001 p spa d
040 _aDO-SdBNP
_bspa
_cBNPHU
082 _aRD861.44
_bG633n
100 1 _aGómez Rosa, Alexis,
_d1950-
_923501
245 1 0 _aNew York city :
_ben tránsito de pie quebrado /
_cAlexis Gómez Rosa.
260 _aSanto Domingo :
_bCasa de Teatro,
_c1993.
300 _a140 p. :
_bil., retr. ;
_c21 cm.
500 _aIncluye datos biográficos del autor en la página 12
586 _aConcurso de poesía 1990
590 _aInventariado, 2018/LP
650 0 _aPoesía dominicana
_966
650 0 _aLiteratura dominicana.
_967
910 _aValidado. Control de calidad. MFF
999 _c9967
_d9967